000 00298nam a2200121Ia 4500
008 190216s9999||||xx |||||||||||||| ||und||
100 _aKamaludeen
245 0 _aKeralathindae Sambathika Vikasanam
260 _bKerala Bhasha Institute
_c1972
300 _a227p
650 _aEconomics
942 _cBK
999 _c19207
_d19207